Cahiers des Ameriques Latines /
Gardado en:
| Formato: | Libro |
|---|---|
| Idioma: | Spanish |
| Publicado: |
París :
Université de la Sorbonne Nouvelle París III. Institut des Hautes Etudes de L'Amerique Latine,
1968-
|
| Materias: | |
| Etiquetas: |
Engadir etiqueta
Sen Etiquetas, Sexa o primeiro en etiquetar este rexistro!
|
MARC
| LEADER | 00000nam a2200000 4500 | ||
|---|---|---|---|
| 003 | cru CIDCACS/IIS | ||
| 005 | 20230919161252.0 | ||
| 007 | ta | ||
| 008 | 230919b |||||||| |||| 00| 0 spa d | ||
| 040 | |c cru CIDCACS/IIS | ||
| 090 | |a REV0138 | ||
| 245 | |a Cahiers des Ameriques Latines / |c Université de la Sorbonne Nouvelle París III. Institut des Hautes Etudes de L'Amerique Latine | ||
| 260 | |a París : |b Université de la Sorbonne Nouvelle París III. Institut des Hautes Etudes de L'Amerique Latine, |c 1968- | ||
| 270 | |a 28 Rue Saint Guillaume; Paris Ville | ||
| 310 | |a Trimestral | ||
| 500 | |a EXISTENCIAS : 1968 (1) 1979-1982 (19-26) 1984 (29-30) 1985 (1-4) 1987 (5-6) 1988-1989 (8) 1991 (11-12) 1992 (13-14) 1994 (18) 1995 (20) | ||
| 500 | |a PERIODICIDAD : Bianual | ||
| 650 | 0 | |9 3691 |a POLITICA | |
| 650 | 0 | |9 3 |a MOVIMIENTOS SOCIALES | |
| 650 | 4 | |9 2645 |a COOPERACION INTERNACIONAL | |
| 650 | 4 | |9 2602 |a POBLACION | |
| 650 | 0 | |9 411 |a DESARROLLO POLITICO | |
| 651 | 0 | |9 17 |a AMERICA LATINA | |
| 942 | |c PP |2 ddc | ||
| 999 | |c 45277 |d 45277 | ||
